000 03422nam a22003377a 4500
001 TIC 0019
003 gtcocun
005 20250923165344.0
006 a||||gr|||| 00| 0
007 ta
008 250923b2022 gt ||||| m||| 00| 0 eng d
040 _agtcocun
_bSPA
_cgtcocun
_eRDA
041 _aSPA TIC 0019
084 _0TIC 0019
100 _aCastro Aguilar, Bryann Steve
_eAutor
245 _aDISEÑO Y PLANIFICACIÓN DE CAMINO RURAL CASERÍO CERRO QUEMADO, SISTEMA DE ABASTECIMIENTO DE AGUA ALDEA LAS PALMAS Y SISTEMAS DE PROTECCIÓN AMBIENTAL, CHISEC, ALTA VERAPAZ, CUNOR-EPSUM./
_cBryann Steve Castro Aguilar.
_hImpreso
264 _aCobán, Alta Verapaz:
_bUniversidad de San Carlos de Guatemala, Centro Universitario del Norte, Ingeniería Civil
_c2022
300 _a209 p.:
_bIlustraciones, gráficas.
_c28 cm;
300 _cPDF
336 _2rdacontenido
_aTexto
_btxt
337 _2rdamedio
_aComputadora
_bn
338 _2rdasoporte
_aCódigo en línea
_bcr
502 _eTIC 0019
502 _aTesis de grado
_bIngeniería Civil,
_cUniversidad de San Carlos de Guatemala, Centro Universitario del Norte, Ingeniería Civil
_d2022
_oTIC 0019
520 1 4 _aEl presente informe final del Ejercicio Profesional Supervisado - EPS – está estructurado con los aspectos más importantes que fueron tomados en cuenta para el desarrollo de los diseños de infraestructura vial y sanitaria. También se incluye el trabajo realizado por parte del Ejercicio Profesional Supervisado Multidisciplinario -EPSUM-, trabajos que responden a las necesidades sociales de las comunidades asignadas. Esta experiencia profesional fue realizada en la Municipalidad de Chisec, Alta Verapaz en donde de alguna manera se contribuyó a dar solución a las necesidades de los comunitarios, en relación a obras de infraestructura que ayuden a la mejora de la calidad de vida y generen un desarrollo económico, los proyectos trabajados fueron: Diseño de apertura de camino rural Caserío Cerro Quemado y Diseño de sistema de abastecimiento de agua Aldea Las Palmas. Así mismo, se realizó un proyecto Multidisciplinario denominado: Sistemas de protección ambiental e implementación del proceso y creación de huertos medicinales en las comunidades de Setzi, Chaquiquiche y Las Ruinas de la microrregión Chisec Rural, el cual estuvo bajo la supervisión del programa EPSUM, también se abarcaron diferentes actividades con el fin de integrar a pre-profesionales, para unir conocimientos, proponer proyectos y priorizar los más relevantes como respuesta a las problemáticas encontradas en las comunidades. Las actividades realizadas tuvieron como objetivo beneficiar directamente a la población en temas de salud, educación, desarrollo e infraestructura. Los resultados finales se presentan a través del presupuesto general, integración de precios unitarios, cronograma físico y financiero, especificaciones técnicas, memorias de cálculo, juego de planos, libretas topográficas y estudios de suelo y agua.
650 1 4 _2LEMB
_aChisec, Alta Verapaz
_xIngeniería
_xInfrastructura
_xDesarrollo
_xNecesidades
_xComunidad
_xProyecto
700 _aIng. Civil. Marlon Alexander Morán Castro
_eAsesor
856 _uhttps://drive.google.com/file/d/1FfGEg6MQMLfy-ms8oo-ABKBGA4CyIUfF/view
_yPDF
_zUn ejemplar en línea.
942 _2ddc
_cTES
_iTIC 0019
_kClasificación
_n0
_6TIC_0019_000000000000000
999 _c2080
_d2080